| Поле | Инд. | ПП | Название | Значение |
|---|---|---|---|---|
| Тип записи | a | |||
| Библиографический уровень | b | |||
| 001 | Контрольный номер | RU/IS/BASE/184944940 | ||
| 005 | Дата корректировки | 20200522190938.2 | ||
| 008 | Кодируемые данные | 20051110 | ||
| 084 | a | Индекс другой классификации/Индекс ББК | 26.9(7США-4Аля) | |
| 100 | 1_ | a | Автор | Федюкин И. |
| 100 | 1_ | a | Автор | Миронова А. |
| 100 | 1_ | a | Автор | Вольф М. |
| 100 | 1_ | a | Автор | Хильдебранд Д. |
| 100 | 1_ | a | Автор | Гарнье Д. |
| 100 | 1_ | a | Автор | Давид Э. |
| 245 | a | Заглавие | Аляска | |
| 600 | a | Персоналии | Баранов Александр Андреевич | |
| a | Персоналии | Сьюард Уильям | ||
| 650 | a | Основная рубрика | науки о Земле | |
| a | Основная рубрика | страноведение | ||
| 653 | a | Ключевые слова | XVIII век | |
| a | Ключевые слова | Аляска | ||
| a | Ключевые слова | заповедники | ||
| a | Ключевые слова | золотая лихорадка | ||
| a | Ключевые слова | история | ||
| a | Ключевые слова | климат | ||
| a | Ключевые слова | ледники | ||
| a | Ключевые слова | нефть | ||
| a | Ключевые слова | природа | ||
| a | Ключевые слова | промыслы | ||
| a | Ключевые слова | Русская Америка | ||
| a | Ключевые слова | рыболовный промысел | ||
| a | Ключевые слова | туризм | ||
| a | Ключевые слова | экономика | ||
| 773 | t | Заглавие источника | GEO | |
| d | Дата издания источника | 2005 | ||
| g | Прочая информация | № 11. - С. 96 - 146 : фот. | ||
| w | Контрольный № источника | RU/IS/BASE/183652289 | ||
| 901 | t | Тип документа | b |